000 00317nam a2200133Ia 4500
005 20251222155122.0
008 251222s9999||||xx |||||||||||||| ||spa||
082 _aANT.34
100 _aY MEZA Jaime Javier
245 0 _aHierbas y plantas que realmente curan
250 _a1ra. ed.
264 _bFenix
942 _cLIB
999 _c38456
_d38456